| 000 | 01192nam0a22002531 4500 | ||
|---|---|---|---|
| 001 | rc\637846 | ||
| 005 | 20250621193146.0 | ||
| 035 | _a(NLR Aleph) 005879539 | ||
| 090 |
_a6063263 _c6063262 |
||
| 100 | _a20031121d1986 |||y0rusy50 ca | ||
| 101 | 0 | _arus | |
| 102 | _aRU | ||
| 105 | _ay ||||||||| | ||
| 200 | 1 |
_aОСНОВНЫЕ направления перестройки работы аппарата ЦК профсоюза рабочих металлургической промышленности _f[Н.Н. Карнаух и др.] |
|
| 210 |
_aМ. _cЧерметинформация _d1986 |
||
| 215 |
_a[1], 22 с. _d20 |
||
| 225 | 1 |
_aЭкспресс-информация _fВДНХ СССР. [Выст.] "Сов. профсоюзы", ЦК профсоюза рабочих металлург. пром-сти, ЦНИИ информ. и техн.-экон. исслед. чер. металлургии |
|
| 225 | 1 | _aНавстречу XVIII съезду профсоюзов СССР | |
| 702 | 1 |
_aКарнаух _bН.Н. _gНиколай Николаевич _4220 |
|
| 801 | 0 |
_aRU _bNLR _gpsbo |
|
| 801 | 1 |
_aRU _bELAR _2rusmarc |
|
| 852 |
_aNLR _j88-4/5686 |
||
| 942 | _cBOOK | ||
| 980 | _aNB | ||